banner-ar

المرأة المسلمة بين انصاف الدين وفهم المغالين / (Record no. 67184)

MARC details
000 -الفاتح
حقل البيانات ثابتة الطول 01180nam a2200289 4500
005 - وقت وتاريخ اخر تعامل مع التسجيلة
رقم الضبط 20240530111001.0
008 - عناصر البيانات ثابتة الطول - معلومات عامة
حقل البيانات ثابتة الطول 230215s2019 ua g 000 0 ara d
017 ## - رقم الايداع القانونى
رقم الايداع القانونى 2019/4387
المصدر ( الهيئة المختصة) مصر. دار الكتب
020 ## - الرقم الدولى المعيارى للكتب
الرقم الدولى المعيارى للكتاب 9789778547320
040 ## - مصدر الفهرسة
وكالة الفهرسة الأصلية EG-CaGPL
وكالة النسخ EG-CaGPL
082 04 - رقم تصنيف ديوى العشرى
رقم الطبعة 21
رقم التصنيف 210.4
رقم المادة م م
100 0# - المدخل الرئيسى - إسم شخصى
الإسم الشخصى محمد بن احمد الرشيد
245 10 - بيان العنوان
العنوان المرأة المسلمة بين انصاف الدين وفهم المغالين /
بيان المسئوليه,etc محمد بن احمد الرشيد ؛ جمعها وصنفها واشرف على مراجعتها محمد ابو بكر حميد
250 ## - بيان الطبعة
بيان الطبعة ط.1
260 ## - PUBLICATION, DISTRIBUTION, ETC. (IMPRINT)
تاريخ النشر أو التوزيع 2019.
300 ## - الوصف المادى
التعداد 128ص. ؛
أبعاد الوعاء 24 سم.
490 0# - بيان السلسلة
عنوان السلسلة الاعمال الكاملة
650 07 - المدخل الاضافى بالموضوع-مصطلح موضوعى
مصدر الرأس أو المصطلح qrmak
مصطلح موضوعي المرأة فى الاسلام
650 07 - المدخل الاضافى بالموضوع-مصطلح موضوعى
مصدر الرأس أو المصطلح qrmak
مصطلح موضوعي حقوق المرأة
650 07 - المدخل الاضافى بالموضوع-مصطلح موضوعى
مصدر الرأس أو المصطلح qrmak
مصطلح موضوعي حجاب المرأة
650 07 - المدخل الاضافى بالموضوع-مصطلح موضوعى
مصدر الرأس أو المصطلح qrmak
مصطلح موضوعي المرأة المسلمة
650 07 - المدخل الاضافى بالموضوع-مصطلح موضوعى
مصدر الرأس أو المصطلح qrmak
مصطلح موضوعي الاجتماع الاسلامى
651 ## - المدخل الاضافى بالموضوع - اسم جغرافى
مصدر الرأس أو المصطلح qrmak
700 0# - المدخل الاضافى - اسم شخصى
الإسم الشخصى محمد ابو بكر حميد
الدور مصنف ومشرف ومراجع
942 ## - عناصر المدخل الإضافي( كوها)
مصدر التصنيف او مخطط الترفيف Dewey Decimal Classification
Koha [default] item type كتاب
260 ## - PUBLICATION, DISTRIBUTION, ETC. (IMPRINT)
-- القاهرة :
-- الدار العربية اللبنانية،
Holdings
حالة التراجع حالة الفقد حالة تلف ليس للاعارة المكان المؤقت الموقع الحالى موقع الترفيف تاريخ الاكتساب اجمالي اﻻعارات رقم الطلب الباركود تاريخ اخر مشاهدة تاريخ تفعيل السعر نوع وعاء كوها
        مكتبة القاهرة الكبرى مكتبة القاهرة الكبرى ق الرئيسية_الديانات_ك عربى 02/20/2023   210.4 م م 169237 02/20/2023 02/20/2023 كتاب

Powered By

EGPV